| 000 | 00447nam a22001577a 4500 | ||
|---|---|---|---|
| 999 |
_c532948 _d532948 |
||
| 003 | NUST | ||
| 005 | 20191209105706.0 | ||
| 008 | 191209b ||||| |||| 00| 0 eng d | ||
| 038 | _aMSOHAIL | ||
| 082 |
_a388.1 _bPAK |
||
| 100 |
_aMulticom Services _926590 |
||
| 245 | _aFinal Report : Study on the Environmental Impacts of a Major Truck Freight Corridor in Pakistan | ||
| 260 |
_aIslamabad _bPakistan _cc2015 |
||
| 300 | _av.p | ||
| 942 |
_2ddc _cBK |
||